000
00389nam a22001577a 4500
003
MPLRDC
005
20220104143304.0
008
210129b ||||| |||| 00| 0 eng d
082
_a
738.6 ZMZ-2 c.2
100
_a
锺敏璋编著
245
_a
马来亚地理
_c
260
_a
_b
东南亚出版社
_c
300
_b
平
650
_a
东南亚--马来西亚
942
_c
BK
_o
738.6 ZMZ-2 c.2
999
_c
38440
_d
38430